Central Library OPAC University of Rajshahi

Commerce as a career / (Record no. 73508)

MARC details
000 -LEADER
fixed length control field 00676nam a2200217 a 4500
001 - CONTROL NUMBER
control field 73508
003 - CONTROL NUMBER IDENTIFIER
rucl marc code BD-RjUL
005 - DATE AND TIME OF LATEST TRANSACTION
control field 20211209082414.0
008 - FIXED-LENGTH DATA ELEMENTS--GENERAL INFORMATION
fixed length control field 170603s1965 enk 001 0 eng d
035 ## - SYSTEM CONTROL NUMBER
System control number (BD-RjUL)73726
040 ## - CATALOGING SOURCE
Original cataloging agency ERF
Transcribing agency ERF
Modifying agency UKM
-- EQO
-- BD-RjUL
Language of cataloging eng
041 ## - LANGUAGE CODE
Language code of text/sound track or separate title eng
082 ## - DEWEY DECIMAL CLASSIFICATION NUMBER
Edition number 23
Classification number 380.023
Author mark and year SMC 1965
100 1# - MAIN ENTRY--PERSONAL NAME
Personal name Smurthwaite, Ronald.
9 (RLIN) 217501
245 10 - TITLE STATEMENT
Title Commerce as a career /
Statement of responsibility, etc. R. Smurthwaite.
260 ## - PUBLICATION, DISTRIBUTION, ETC. (IMPRINT)
Place of publication, distribution, etc. London :
Name of publisher, distributor, etc. Batsford,
Date of publication, distribution, etc. 1965.
300 ## - PHYSICAL DESCRIPTION
Pagination 120 p. :
Illustrations ill. ;
Size 19 cm.
500 ## - GENERAL NOTE
General note Includes chapters on banking, insurance, the Stock Exchange and building societies.
650 ## - SUBJECT ADDED ENTRY--TOPICAL TERM
Topical term or geographic name as entry element Commerce
General subdivision Vocational guidance
9 (RLIN) 217502
942 ## - ADDED ENTRY ELEMENTS (KOHA)
Source of classification or shelving scheme Dewey Decimal Classification
Koha item type Books
Holdings
Lost status Source of classification or shelving scheme Damaged status Not for loan Collection code Permanent Location Current Location Shelving location Date acquired Source of acquisition Cost, normal purchase price Total Checkouts Full call number Date last seen Copy number Koha item type
  Dewey Decimal Classification   Not For Loan Non-fiction Central Library, University of Rajshahi Central Library, University of Rajshahi Reading Room 24/05/1967 Publisher ABC center 10.12   380.023 SMC 1965 03/06/2017 C-1 Books